000
00209 a2200085 4500
020
_a
9783836535496
100
_a
Masao Furuyama
245
_a
Ando: The Geometry of Human Space
260
_b
Taschen America Llc
_c
2016
999
_c
13389
_d
13389